Kuhhān Miṣr al-qadīma /

محفوظ في:

المؤلف الرئيسي: Sauneron, Serge (مؤلف)

مؤلفون آخرون: Badawī, Aḥmad, 1200?-1276, Kurdī, Zaynab.

التنسيق: كتاب

اللغة: Arabic
French

منشور في: al-Qāhirah : al-Hayʼah al-Miṣrīyah al-ʻĀmmah lil-Kitāb, 1975.

الموضوعات:

الوسوم: إضافة وسم

لا توجد وسوم, كن أول من يضع وسما على هذه التسجيلة!

رقم الطلب: BL2443 .S27 1975

LEADER 01212nam a2200301Ia 4500
003 OSt
005 20230104134833.0
008 130303s1975 ua g 000 0 ara d
952 |0 0  |1 0  |2 lcc  |4 0  |6 BL2443 S27 01975  |7 1  |9 45259  |a ARCE  |b ARCE  |d 2023-01-04  |l 0  |o BL2443 .S27 1975  |p 1012399  |r 2023-01-04 00:00:00  |w 2023-01-04  |y BK 
999 |c 24108  |d 24108 
040 |c ARCE Library 
041 1 |a ara  |h fre 
043 |a f-ua--- 
050 4 |a BL2443 .S27 1975 
100 1 |a Sauneron, Serge,  |e author 
240 1 0 |a Prêtres de l'ancienne Egypte.  |l Arabic 
245 1 0 |6 880-02  |a Kuhhān Miṣr al-qadīma /   |c talif sayrj sunirun ; tarjamat zaynab al-kurdi ; murājaʻat 'Ahmad Badawi. 
264 1 |a al-Qāhirah :   |b al-Hayʼah al-Miṣrīyah al-ʻĀmmah lil-Kitāb,   |c 1975. 
300 |a 208 pages ;  |c 20 cm. 
500 |a Translation of : Les prêtres de l'ancienne Egypte. 
555 |a barakat.lib 
555 |a Nawal. 
650 0 |a Priests  |z Egypt. 
700 1 |a Badawī, Aḥmad,  |d 1200?-1276, 
700 1 |a Kurdī, Zaynab. 
880 1 0 |6 245-02/(3/r  |a كهان مصر القديمة   |c تأليف سيرج سونيرون ؛ ترجمة زينب الكردي ؛ مراجعة أحمد بدوي 
901 |a reviewed 
942 |c BK  |2 lcc